| 000 | 00782cam a2200265 a 4500 | ||
|---|---|---|---|
| 001 | 145406 | ||
| 003 | OSt | ||
| 005 | 20180921 | ||
| 008 | 0000001971 dr 0000000000 00 | ||
| 110 | _aRepública Dominicana. Secretaría Administrativa de la Presidencia | ||
| 245 |
_aConjura debelada / _cConjura debelada / |
||
| 260 |
_aSanto Domingo : _bSecretaría Administrativa de la Presidencia |
||
| 300 | _a24 p. | ||
| 650 |
_aBALAGUER, JOAQUIN, 1906-2002 - DISCURSOS _aDISCURSOS DOMINICANOS |
||
| 040 |
_aDLC _cDLC |
||
| 942 |
_2ddc _cBK |
||
| 999 |
_c145406 _d14540600 |
||